000 00485nam a2200193Ia 4500
005 20250603145743.0
008 250603s9999 xx 000 0 und d
020 _a9780632042067
050 _aTH 425 .W55/
100 _aWillis, Christopher J.
245 0 _aSpecification writing for architects and surveyors
250 _a11th ed.
260 _aUnited Kingdom
260 _bBlackwell science
260 _c1997
300 _a152 p
650 _aUnited Kingdom
942 _cBK
999 _c42752
_d42752